000 00429nam a2200145Ia 4500
008 100122s9999 xx 000 0 und d
082 _b55102
_a133.5
100 _aकेळकर सुनील
245 _aव्यवसायदीप
260 _bअथर्व प्रकाशन
_c1998
300 _a119
630 _aव्यवसायदीप
730 _aव्यवसायदीप
942 _cBOOK
999 _c431780
_d431777